000
00315nam a2200121Ia 4500
008
191201s2019 xx 000 0 und d
100
_a
JAIN, RK
245
0
_a
Production Technology Manufacturing Techniques Vol. 3
250
_a
19th edi.
260
_b
Khanna Publisher
_a
New Delhi
300
_a
768
942
_2
ddc
_c
BK
999
_c
8183
_d
8183